Silk Touch Blocks - Statistics

General Stats
  • This quiz has been taken 17 times
  • The average score is 50 of 110
Answer Stats
Answer % Correct
Deepslate Diamond Ore
86%
Deepslate Gold Ore
86%
Deepslate Iron Ore
86%
Diamond Ore
86%
Gold Ore
86%
Grass Block
86%
Iron Ore
86%
Nether Gold Ore
86%
Coal Ore
79%
Deepslate Coal Ore
79%
Deepslate Emerald Ore
79%
Deepslate Redstone Ore
79%
Emerald Ore
79%
Redstone Ore
79%
Stone
79%
Black Stained Glass
71%
Blue Stained Glass
71%
Brown Stained Glass
71%
Copper Ore
71%
Cyan Stained Glass
71%
Deepslate Copper Ore
71%
Deepslate Lapis Lazuli Ore
71%
Glass
71%
Green Stained Glass
71%
Lapis Lazuli Ore
71%
Light Blue Stained Glass
71%
Light Grey Stained Glass
71%
Lime Stained Glass
71%
Magenta Stained Glass
71%
Orange Stained Glass
71%
Pink Stained Glass
71%
Purple Stained Glass
71%
Red Stained Glass
71%
White Stained Glass
71%
Yellow Stained Glass
71%
Nether Quartz Ore
64%
Black Stained Glass Pane
57%
Blue Stained Glass Pane
57%
Brown Stained Glass Pane
57%
Cyan Stained Glass Pane
57%
Ender Chest
57%
Green Stained Glass Pane
57%
Grey Stained Glass Pane
57%
Light Blue Stained Glass Pane
57%
Light Grey Stained Glass Pane
57%
Lime Stained Glass Pane
57%
Magenta Stained Glass Pane
57%
Orange Stained Glass Pane
57%
Pink Stained Glass Pane
57%
Purple Stained Glass Pane
57%
Red Stained Glass Pane
57%
White Stained Glass Pane
57%
Yellow Stained Glass Pane
57%
Glass Pane
50%
Amethyst Cluster
43%
Chiseled Bookshelf
43%
Deepslate
43%
Large Amethyst Bud
43%
Medium Amethyst Bud
43%
Mycelium
43%
Podzol
43%
Small Amethyst Bud
43%
Bee Nest
36%
Bookshelf
36%
Clay Block
36%
Blue Ice
29%
Campfire
29%
Glowstone
29%
Ice
29%
Packed Ice
29%
Sea Lantern
29%
Soul Campfire
29%
Brain Coral
21%
Bubble Coral
21%
Crimson Nylium
21%
Dead Brain Coral
21%
Dead Bubble Coral
21%
Dead Fire Coral
21%
Dead Horn Coral
21%
Dead Tube Coral
21%
Dirt Path (Bedrock Only)
21%
Fire Coral
21%
Horn Coral
21%
Melon
21%
Snow Block
21%
Tube Coral
21%
Warped Nylium
21%
Brain Coral Block
14%
Brain Coral Fan
14%
Bubble Coral Block
14%
Bubble Coral Fan
14%
Calibrated Sculk Sensor
14%
Dead Brain Coral Fan
14%
Dead Bubble Coral Fan
14%
Dead Fire Coral Fan
14%
Dead Horn Coral Fan
14%
Dead Tube Coral Fan
14%
Fire Coral Block
14%
Fire Coral Fan
14%
Horn Coral Block
14%
Horn Coral Fan
14%
Sculk
14%
Sculk Catalyst
14%
Sculk Sensor
14%
Sculk Shrieker
14%
Sculk Vein
14%
Tube Coral Block
14%
Tube Coral Fan
14%
Sea Turtle Egg
7%
Twisting Vines
7%
No matching quizzes found
Score Distribution
Percent of People with Each Score
Percentile by Number Answered
Your Score History
You have not taken this quiz